Dragon Ball Z-Personnages capables de se transformer en Super Saiyan - Statistiques

Statistiques générales
  • Ce quiz a été pris 1 074 fois
  • Le résultat moyen est 13 sur 20
Statistiques - réponses
Personnages capables de se transformer en Super Saiyan % Correct
Son Goku
100%
Vegeta
100%
Son Goten
99%
Son Gohan
98%
Trunks
98%
Broly
82%
Bardock
80%
Gogeta
79%
Vegetto
78%
Gotenks
70%
Kale
64%
Caulifla
63%
Cabba
53%
Goku Black
53%
Kefla
53%
Trunks du Futur
44%
Son Gohan du Futur
32%
Yamoshi
16%
Son Goku Jr
15%
Vegeta Jr
14%
Aucun quiz correspondant
Distribution des résultats
% des personnes avec chaque résultat
Percentile par nombre de réponses
Votre historique - résultats
Vous n’avez pas pris ce quiz